00331nam a22001217a 4500999001900000040000800019082001200027100003100039245002600070300000900096942001200105952009200117 c533634d533634 cdlc a823.914 aRavi Shankar Etteth927590 aThe Village of Widows a355p 2ddccBK 00102ddc4070aNITbNITd2020-01-15l0o823.914pNIT-9231r2020-01-15w2020-01-15yBK